Central Library OPAC University of Rajshahi

Rabindranath Tagore and the English Romantic poets : (Record no. 79500)

MARC details
000 -LEADER
fixed length control field 01398nam a2200313 a 4500
001 - CONTROL NUMBER
RUCL Control Number 79500
003 - CONTROL NUMBER IDENTIFIER
rucl marc code BD-RjUL
005 - DATE AND TIME OF LATEST TRANSACTION
control field 20230303213136.0
008 - FIXED-LENGTH DATA ELEMENTS--GENERAL INFORMATION
fixed length control field 220306s2012 bg |||| m||| 00| 0 eng d
035 ## - SYSTEM CONTROL NUMBER
system control number (BD-RjUL)79500
040 ## - CATALOGING SOURCE
Original cataloging agency BD-RjUL
Language of cataloging eng
Transcribing agency BD-RjUL
Modifying agency BD-RjUL
041 ## - LANGUAGE CODE
Language code of Book eng
082 ## - DEWEY DECIMAL CLASSIFICATION NUMBER
Classification number 891.44109
Author mark and Year ARR 2012
DDC Edition number 23
100 ## - MAIN ENTRY--PERSONAL NAME
Personal name Ara, Rawnak
9 (RLIN) 1708
245 ## - TITLE STATEMENT
Title Rabindranath Tagore and the English Romantic poets :
Remainder of title A study in the Heritage of Romanticism /
Statement of responsibility, etc By Rawnak Ara ;
Name of Supervisor/Co-Supervisor Supervisor : Md. Shahidur Rahman ; Co-Supervisor: Md. Asad-Ullah-Al-Hussain
260 ## - PUBLICATION, DISTRIBUTION, ETC. (IMPRINT)
Place of publication, distribution, etc Rajshahi :
Name of publisher, distributor, etc Institute of Bangladesh Studies, University of Rajshahi,
Date of publication, distribution, etc 2012
300 ## - PHYSICAL DESCRIPTION
Pagination xiv, 336 Leaves ;
Dimensions 30 cm.
502 ## - DISSERTATION NOTE
Dissertation note Thesis ( Ph. D.) -- Institute of Bangladesh Studies, University of Rajshahi, 2012
504 ## - BIBLIOGRAPHY, ETC. NOTE
Bibliography, etc Bibliography : Leaves [319] - 336
600 ## - SUBJECT ADDED ENTRY--PERSONAL NAME
Personal name Tagore, Rabindranath
Dates associated with a name 1861-1941 A. D.
General subdivision Criticism and interpretation.
-- 3527
650 ## - SUBJECT ADDED ENTRY--TOPICAL TERM
Topical term or geographic name as entry element Bengali Poetry
General subdivision History and Criticism
9 (RLIN) 2119
Topical term or geographic name as entry element Bengali poetry
General subdivision English influences
9 (RLIN) 3528
Topical term or geographic name as entry element Poets, English
Geographic subdivision Great Britain
General subdivision History and criticism.
9 (RLIN) 3529
Topical term or geographic name as entry element English Poetry
General subdivision History and criticism.
9 (RLIN) 3530
700 ## - ADDED ENTRY--SUPERVISOR/CO-SUPERVISOR NAME
Personal name Rahman, Md. Shahidur, Supervisor
9 (RLIN) 1711
Personal name Asad-Ullah-Al-Hussain, Md. , Co-Supervisor
9 (RLIN) 1712
856 ## - ELECTRONIC LOCATION AND ACCESS
Uniform Resource Identifier http://rulrepository.ru.ac.bd/handle/123456789/816
942 ## - ADDED ENTRY ELEMENTS (KOHA)
Source of classification or shelving scheme Dewey Decimal Classification
Koha item type Theses
Holdings
Source of classification or shelving scheme Damaged status Not for loan Collection code Permanent Location Current Location Shelving location Date of accession Source of acquisition Full call number Barcode Date last seen Copy number Thesis
Dewey Decimal Classification   Not For Loan Theses Central Library, University of Rajshahi Central Library, University of Rajshahi Documentation Section 11/04/2016 Controller of Exam., R. U. THE 891.44109 ARR 2012 D3882 06/03/2022 C-1 Theses